Statistics for Countries that Got the Most Aid from the Marshall Plan

Click here to take the quiz!

General Stats

  • This quiz has been taken 213 times
  • The average score is 8 of 10

Answer Stats

AidCountry% Correct
2,296France
98%
3,297United Kingdom
96%
1,204Italy / Trieste
94%
777Belgium / Luxembourg
93%
1,128Netherlands
91%
372Norway
83%
468Austria
82%
385Denmark
79%
376Greece
68%
1,448West Germany
61%

Score Distribution

Percentile by Number Answered

Percent of People with Each Score

Your Score History

You have not taken this quiz